书目信息 |
| 题名: |
中国古代冶铁竖炉炉型古窑
|
|
| 作者: | 黄兴 , 潜伟 著 | |
| 分册: | ||
| 出版信息: | 北京 科学出版社 2022.01 |
|
| 页数: | 280页 | |
| 开本: | 25cm | |
| 丛书名: | ||
| 单 册: | ||
| 中图分类: | TF5-092 | |
| 科图分类: | ||
| 主题词: | 炼铁 | |
| 电子资源: | ||
| ISBN: | 7-03-070097-X | |
| 000 | 00631nam0 2200205 450 | |
| 001 | 2660618047 | |
| 005 | 20260309165215.64 | |
| 010 | @a7-03-070097-X@dCNY198.00 | |
| 100 | @a20260309d2022 km y0chiy0120 ea | |
| 101 | 0 | @achi |
| 102 | @aCN@b110000 | |
| 200 | 1 | @a中国古代冶铁竖炉炉型古窑@AZhong Guo Gu Dai Ye Tie Shu Lu Lu Xing Gu Yao@f黄兴,潜伟著@FHuang Xing,Qian Wei Zhu |
| 210 | @a北京@c科学出版社@d2022.01 | |
| 215 | @a280页@d25cm | |
| 606 | 0 | @a炼铁 |
| 690 | @aTF5-092@v4 | |
| 701 | 0 | @a黄兴@AHuang Xing@4著 |
| 701 | 0 | @a潜伟@AQian Wei@4著 |
| 801 | 0 | @aCN@b大连网信软件有限公司图书馆·11@c20260309 |
| 905 | @aZUCC@dTF5-092@e56 | |
| 中国古代冶铁竖炉炉型古窑/黄兴,潜伟著.-北京:科学出版社,2022.01 |
| 280页;25cm |
| ISBN 7-03-070097-X:CNY198.00 |
| ● |
| 相关链接 |
|
|
|
|
正题名:中国古代冶铁竖炉炉型古窑
索取号:TF5-092/56
 
预约/预借
| 序号 | 登录号 | 条形码 | 馆藏地/架位号 | 状态 | 备注 |
| 1 | 1442168 | 214421687 | 第二样本阅览室/ [索取号:TF5-092/56] | 在馆 | |
| 2 | 1442169 | 214421696 | 第三借阅区/ [索取号:TF5-092/56] | 在馆 |